[Event "Nichelino Berruto Memorial 19th"]
[Site "Nichelino"]
[Date "2016.02.19"]
[Round "2"]
[White "Petrini, Emanuela"]
[Black "Saggiorato, Diego"]
[Result "1-0"]
[WhiteElo "1552"]
[BlackElo "1680"]
[PlyCount "51"]
[EventDate "2016.02.12"]
[EventType "swiss"]
[EventRounds "6"]
[EventCountry "ITA"]
[SourceTitle "EXT 2018"]
[Source "ChessBase"]
[SourceDate "2017.10.13"]
[SourceVersion "1"]
[SourceVersionDate "2017.10.13"]
[SourceQuality "1"]

1. e4 c5 2. g3 d6 3. Bg2 Nc6 4. c3 e6 5. d4 cxd4 6. cxd4 Nf6 7. Nc3 Be7 8. Nge2 0-0 9. 0-0 a6 10. Re1 Rb8 11. a3 b5 12. e5 Nd5 13. Nxd5 exd5 14. Bxd5 Bb7 15. Nf4 dxe5 16. dxe5 Qb6 17. Be3 Bc5 18. e6 Ne5 19. Bxc5 Qxc5 20. Rxe5 Bxd5 21. Rxd5 Qe7 22. Rd7 Qf6 23. e7 Rfe8 24. Qe2 Rb6 25. Rad1 Rbb8 26. Rd8 1-0